Aktuality ND

Korporativní autor: Národní divadlo v Praze
Jazyk: Čeština
Vydáno: Praha : Národní divadlo, 1965-1967
Fyzický popis: 2 sv.
Odebírané ročníky: 1965-67
Noviny a časopisy
Uloženo v:
LEADER 00786nas a22002292a 4500
001 000900519
003 CZ BrMZK
005 20080617143544.0
007 ta
008 080610d19651967xr uu|p||||||||||||0cze d
040 |a BOA001  |b cze 
245 0 0 |a Aktuality ND 
246 3 3 |a Aktuality Národního divadla 
260 |a Praha :  |b Národní divadlo,  |c 1965-1967 
300 |a 2 sv. 
310 |a Periodicita není známa 
710 2 |a Národní divadlo v Praze  |7 kn20010709463 
910 |a BOA001  |b 1-0573.593  |r 1965-67 
990 |a SE 
991 |b 200806 
996 6 |b 2619472743  |c 1-0573.593  |d 1966-67  |y 1966-1967  |l MZK  |r Sklad / do 1 hodiny  |n 0  |w 001064798  |u 000020  |a 1  |e BOA001  |j MZK50  |s P 
996 6 |b 2619472744  |c 1-0573.593  |d 1965-66  |y 1965-1966  |l MZK  |r Sklad / do 1 hodiny  |n 0  |w 001064798  |u 000010  |a 1  |e BOA001  |j MZK50  |s P